| 000 | 00000nam##2200000za#4500 |
| 001 | 9.573645 |
| 003 | CaOODSP |
| 005 | 20210624183811 |
| 007 | cr ||||||||||| |
| 008 | 150406|2006||||xxc|||||o f|0| 0 eng|d |
| 040 | |aCaOODSP|beng |
| 043 | |an-cn--- |
| 086 | 1 |aT41-1/14E-PDF |
| 110 | 1 |aCanada. |bTransport Canada. |
| 245 | 10|aOn the move to school! : |h[electronic resource]|ban active transportation educational and mobilization program for children in Quebec |
| 260 | |aOttawa - Ontario : |bTransport Canada |cDecember 2006. |
| 300 | |a5p.|bcoloured illus., map, photographs |
| 490 | 1 |aCase studies in sustainable transportation|vCase study |
| 500 | |aAt head of title: Urban Transportation Showcase Program. |
| 590 | |a12-20-Supp|b2012-05-09 |
| 775 | 08|tMon école à pied, à vélo! : |w(CaOODSP)9.603745 |
| 830 | #0|aCase studies in sustainable transportation ;|vCase study|w(CaOODSP)9.506851 |
| 856 | 40|ahttp://publications.gc.ca|qPDF|s199 KB|uhttps://publications.gc.ca/collections/collection_2012/tc/T41-1-14-eng.pdf|yCase study |